| 000 | 00612nam a2200205 i 4500 | ||
|---|---|---|---|
| 001 | 67389 | ||
| 003 | ES-MaACL | ||
| 005 | 20230906170045.0 | ||
| 007 | t| | ||
| 008 | 040521s1990 ag ||||1| spa d | ||
| 020 | _a950-516-516-1 | ||
| 080 | _a1 Nietzsche, Friedrich | ||
| 100 | 1 |
_aJaspers, Karl. _966154 |
|
| 245 | 1 | 0 |
_aNietzsche y el cristianismo / _cKarl Jaspers. |
| 260 |
_aBuenos Aires : _bLeviatán, _c[1990] |
||
| 300 |
_a97 p. ; _c20 cm. |
||
| 600 | 1 | 4 |
_aNietzsche, Friedrich, _d1844-1900- _xCrítica e interpretación _985721 |
| 852 |
_aES-MaACL _jL-27597 _bR.133123 |
||
| 999 |
_c67389 _d67389 |
||